Tous les livres de la série des Demi-Dieux de Rick Riordan - Statistiques

Statistiques générales
  • Ce quiz a été pris 14 fois
  • Le résultat moyen est 18 sur 32
Statistiques - réponses
Série Livre % Correct
Percy Jackson La Mer des Monstres
100%
Percy Jackson Le Voleur de Foudre
100%
Percy Jackson La Bataille du Labyrinthe
85%
Percy Jackson Le Dernier Olympien
85%
Héros de l'Olympe Le Fils de Neptune
77%
Percy Jackson Le Sort du Titan
77%
Héros de l'Olympe La Maison d'Hadès
69%
Héros de l'Olympe La Marque d'Athéna
69%
Les Chroniques de Kane La Pyramide rouge
69%
Héros de l'Olympe Le Héros perdu
69%
Héros de l'Olympe Le Sang de l'Olympe
69%
Percy Jackson Le Calice des dieux
62%
Magnus Chase et les Dieux d'Asgard L'Épée de l'été
62%
Une aventure de Nico Di Angelo Le Soleil et l'Étoile
62%
Percy Jackson La Déesse aux trois visages
54%
Les Travaux d'Apollon La Dernière Épreuve
54%
Les Travaux d'Apollon La Prophétie des ténèbres
54%
Magnus Chase et les Dieux d'Asgard Le Marteau de Thor
54%
Les Travaux d'Apollon Le Piège de feu
54%
Magnus Chase et les Dieux d'Asgard Le Vaisseau des damnés
54%
Les Travaux d'Apollon L'Oracle caché
54%
Les Travaux d'Apollon Le Tombeau du tyran
46%
Percy Jackson et les Chroniques de Kane La Couronne de Ptolémée
38%
Percy Jackson et les Chroniques de Kane Le Fils de Sobek
38%
Percy Jackson et les Chroniques de Kane Le Sceptre de Sérapis
38%
Les Chroniques de Kane Le Trône de feu
38%
Les Chroniques de Kane L'Ombre du serpent
38%
Une aventure de Nico Di Angelo The Court of the Dead
31%
Recueil de nouvelles Percy Jackson et les Dieux grecs
23%
Recueil de nouvelles Percy Jackson et les Héros grecs
23%
Recueil de nouvelles The Demigod Diaries
15%
Recueil de nouvelles The Demigods Files
15%
Aucun quiz correspondant
Distribution des résultats
% des personnes avec chaque résultat
Percentile par nombre de réponses
Votre historique - résultats
Vous n’avez pas pris ce quiz